000
00252nam a2200109Ia 4500
008
190216s9999||||xx |||||||||||||| ||und||
100
_a
Hanson J L
245
0
_a
Dictionary Of Economics And Commerce
260
_b
Elbs
650
_a
Economics
942
_c
BK
999
_c
9317
_d
9317